عرض عادي
عرض مارك
- اللياقة البدنية
مدخل مصطلح موضوعي
001 - رقم الضبط
- حقل الضبط: 36852
003 - معرف رقم الضبط
- حقل الضبط: OSt
005 - تاريخ ووقت أخر عملية
- حقل الضبط: 20130905104842.0
008 - عناصر بيانات ثابتة الطول
- حقل تحكم ثابت الطول: 130905|||a|||||| | ||| d
040 ## - مصدر الفهرسة
- هيئة الفهرسة الأصلية: OSt
- وكالة الكتابة: OSt
150 ## - مدخل-- مصطلح تاريخي
- عنصر مدخل المصطلح الموضوعي او الاسم الجغرافي: اللياقة البدنية
- تفريع عام: دراسة وتعليم
670 ## - بيانات المصدر موجوده
- الاستشهاد بالمصدر: Work cat.: (OSt): حمودي، عاصم صابر راشد 36851, تنمية المهارات الحركية والفنية للأطفال / , 2012
